000 00721nam a22002417a 4500
003 UA-OsUOA
001 52288
007 ta
008 20150528b un ||||| |||| 00| 0 ukr d
100 _aВозняк М.
090 _a09-82(477)(091):929
_bВ64
942 _cBK
040 _aUA-OsUOA
_bukr
_cUA-OsUOA
_dUA-OsUOA
245 _aГригорій Квітка-Основ'яненко. Життя і творчість
300 _a94 с.
955 _a1
041 _aukr
080 _a09-82(477)(091):929
260 _aК.
_c1946
650 7 _a0 Загальний відділ.
_2UDC
999 _c432413
_d432413